Enfermedades de la vid / (Record no. 135873)

MARC details
000 -LEADER
campo de control de longitud fija 00740nam a2200217 4500
001 - NÚMERO DE CONTROL
campo de control 135873
003 - IDENTIFICADOR DE NÚMERO DE CONTROL
campo de control ES-MaACL
005 - FECHA Y HORA DE LA ÚLTIMA TRANSACCIÓN
campo de control 20230906194958.0
007 - CAMPO FIJO DE DESCRIPCIÓN FÍSICA--INFORMACIÓN GENERAL
campo de control de longitud fija t|
008 - DATOS DE LONGITUD FIJA--INFORMACIÓN GENERAL
campo de control de longitud fija 070214s1944 sp r ||||1| spa d
100 1# - ENTRADA PRINCIPAL--NOMBRE DE PERSONA
Nombre de persona Ruiz Castro, Aurelio.
9 (RLIN) 100707
245 10 - MENCIÓN DEL TÍTULO
Título Enfermedades de la vid /
Mención de responsabilidad, etc. por Aurelio Ruiz Castro.
260 ## - PUBLICACIÓN, DISTRIBUCIÓN, ETC.
Lugar de publicación, distribución, etc. Madrid :
Nombre del editor, distribuidor, etc. [s. n.],
Fecha de publicación, distribución, etc. 1944 (
Fabricante Gráf. Uguina)
300 ## - DESCRIPCIÓN FÍSICA
Extensión 252 p. :
Otras características físicas il. ;
Dimensiones 15 cm.
490 1# - MENCIÓN DE SERIE
Mención de serie Sección de publicaciones, prensa y propaganda
500 ## - NOTA GENERAL
Nota general Precede al tít.: Ministerio de Agricultura.
710 1# - ENTRADA AGREGADA--NOMBRE DE ENTIDAD CORPORATIVA
Nombre de entidad corporativa o nombre de jurisdicción como elemento de entrada España.
Unidad subordinada Ministerio de Agricultura.
9 (RLIN) 3837
830 0# - PUNTO DE ACCESO ADICIONAL DE SERIE-TÍTULO UNIFORME
Título uniforme Sección de publicaciones, prensa y propaganda
9 (RLIN) 180914
852 ## - LOCALIZACIÓN
Ubicación ES-MaACL
Número de control de estantería D-6712
Sublocalización o colección R.29752
Holdings
Estatus retirado Estado de pérdida Estado de daño No para préstamo Biblioteca de origen Biblioteca actual Ubicación en estantería Fecha de adquisición Fuente de adquisición Total de préstamos Signatura topográfica completa Código de barras Visto por última vez Precio de reemplazo Tipo de ítem Koha
        Biblioteca del Ateneo de Madrid Biblioteca del Ateneo de Madrid Sala Valle Inclán 17/01/2008     D-6712 901141415 23/02/2023 23/02/2023 Libro impreso